| 000 | 02001cam a2200361 i 4500 | ||
|---|---|---|---|
| 999 |
_c127449 _d127449 |
||
| 001 | 17683725 | ||
| 003 | ARRUPE | ||
| 005 | 20180119092505.0 | ||
| 008 | 130403s2013 nyua b 001 0 eng | ||
| 010 | _a 2013008160 | ||
| 020 | _a9780230369368 | ||
| 040 |
_aDLC _beng _cDLC _erda _dDLC |
||
| 042 | _apcc | ||
| 043 |
_ae-uk--- _af------ |
||
| 050 | 0 | 0 |
_aPR9340.5 _b.D38 2013 |
| 082 | 0 | 0 |
_a820.9/96 _223 |
| 100 | 1 |
_aDavis, Caroline, _d1964- _938730 |
|
| 245 | 1 | 0 |
_aCreating postcolonial literature : _bAfrican writers and British publishers / _cCaroline Davis. |
| 260 |
_aLondon _bPalgrave Macmillan _c2013 |
||
| 300 |
_ax, 255 pages : _c23 cm |
||
| 504 | _aIncludes bibliographical references (pages 231-243) and index. | ||
| 505 | 0 | _aOxford University Press in Africa, 1927-1980 -- The vision for OUP in Africa -- 'The obligation to be profitable': OUP in West Africa -- 'The call to duty': OUP in East Africa -- Publishing under Apartheid: OUP in South Africa -- The Three Crowns Series 1962-1976 -- The history of Three Crowns -- Judging African literature -- Editing Three Crowns -- Publishing Wole Soyinka -- Publishing Athol Fugard. | |
| 610 | 2 | 0 |
_aOxford University Press _xHistory. _938731 |
| 650 | 0 |
_aAfrican literature (English) _xPublishing _xHistory _y20th century. _938732 |
|
| 650 | 0 |
_aPublishers and publishing _zGreat Britain _xHistory _y20th century. _938733 |
|
| 650 | 0 |
_aPublishers and publishing _zAfrica _xHistory _y20th century. _938734 |
|
| 856 | 4 | 2 |
_3Publisher description _uhttps://www.loc.gov/catdir/enhancements/fy1609/2013008160-d.html |
| 856 | 4 | 1 |
_3Table of contents only _uhttps://www.loc.gov/catdir/enhancements/fy1609/2013008160-t.html |
| 906 |
_a7 _bcbc _corignew _d1 _eecip _f20 _gy-gencatlg |
||
| 942 |
_2lcc _cMONOGRAPH |
||